[Event "FIDE Online Olympiad"]
[Site "Chess.com"]
[Date "2020.08.15"]
[EventDate "2020.08.14"]
[Round "5"]
[Result "1-0"]
[White "Novendra Priasmoro"]
[Black "Viachaslau Zarubitski"]
[WhiteElo "2312"]
[BlackElo "2420"]
[PlyCount "81"]

1. e4 c5 2. Nf3 e6 3. d4 cxd4 4. Nxd4 Nc6 5. Nc3 Qc7 6. g3 a6
7. Bg2 Nf6 8. O-O h5 9. Bg5 Bc5 10. Nb3 Ba7 11. Qe2 d6
12. Rad1 Ne5 13. Kh1 Nc4 14. e5 dxe5 15. Ne4 Nxb2 16. Nxf6+
gxf6 17. Bxf6 Nxd1 18. Rxd1 Rg8 19. Qxe5 Bb6 20. Rd8+ Qxd8
21. Bxd8 Bxd8 22. h4 a5 23. Nc5 Be7 24. Nxb7 Kf8 25. Nxa5 Ra6
26. Nc6 Bd7 27. Qb8+ Kg7 28. Qb7 Bxc6 29. Qxa6 Bxg2+ 30. Kxg2
Rd8 31. a4 Rd2 32. Qc4 Bf6 33. Kf1 Rd1+ 34. Ke2 Ra1 35. Qb4
Ra2 36. Kd3 Bd8 37. Qb3 Ra1 38. Kc4 e5 39. Kb5 Kg6 40. c4 f6
41. Qd3+ 1-0

[Event "FIDE Online Olympiad"]
[Site "Chess.com"]
[Date "2020.08.15"]
[EventDate "2020.08.14"]
[Round "5"]
[Result "1-0"]
[White "Ummi Fisabilillah"]
[Black "Kseniya Zeliantsova"]
[WhiteElo "2182"]
[BlackElo "1923"]
[PlyCount "79"]

1. e4 d6 2. d4 Nf6 3. Nc3 g6 4. Nf3 Bg7 5. Be2 O-O 6. h3 c6
7. a4 Nbd7 8. O-O e5 9. Be3 Qe7 10. dxe5 dxe5 11. Qc1 Nc5
12. Nd2 Ne6 13. Nb3 b6 14. Bf3 Bb7 15. a5 b5 16. a6 Bc8
17. Rd1 Nd7 18. Na5 Nd4 19. Bxd4 exd4 20. Nxc6 Qc5 21. Nd5 Ne5
22. Nxd4 Be6 23. Nf4 Qb6 24. Nfxe6 fxe6 25. Be2 Rad8 26. c3 b4
27. Qe3 bxc3 28. bxc3 Nf7 29. Rab1 Qd6 30. Nf5 Qc7 31. Nxg7
Kxg7 32. Rb7 Rxd1+ 33. Bxd1 Qd6 34. Be2 Kg8 35. Qxa7 Qd2
36. Qe3 Qe1+ 37. Kh2 Nd6 38. Rd7 Nb5 39. Bxb5 Qa1 40. Qd4 1-0

[Event "FIDE Online Olympiad"]
[Site "Chess.com"]
[Date "2020.08.15"]
[EventDate "2020.08.14"]
[Round "5"]
[Result "1-0"]
[White "Bart Michiels"]
[Black "Rogelio Barcenilla"]
[WhiteElo "2550"]
[BlackElo "2463"]
[PlyCount "75"]

1. c4 Nf6 2. Nc3 g6 3. g3 Bg7 4. Bg2 d6 5. d4 O-O 6. Nf3 Nc6
7. O-O a6 8. b3 h6 9. Bb2 Nh7 10. d5 Na5 11. Qd2 c5 12. Nd1
Nf6 13. Ne1 b5 14. Bc3 Nb7 15. e4 Rb8 16. Nd3 Nd7 17. Ne3 Bxc3
18. Qxc3 Qa5 19. Qc1 Nf6 20. e5 Nh7 21. f4 Qc7 22. Qc3 f5
23. e6 Nf6 24. h3 Nd8 25. g4 bxc4 26. bxc4 Ne4 27. Bxe4 fxe4
28. Nf2 Qb7 29. f5 Qb2 30. Qxb2 Rxb2 31. Nxe4 Nb7 32. fxg6 Re2
33. Rae1 Rxe1 34. Rxe1 Kg7 35. Nf5+ Kxg6 36. Nxe7+ Kg7
37. Nf5+ Kg6 38. Nexd6 1-0

[Event "FIDE Online Olympiad"]
[Site "Chess.com"]
[Date "2020.08.15"]
[EventDate "2020.08.14"]
[Round "5"]
[Result "1-0"]
[White "Annelies Cuvelier"]
[Black "Jan Jodilyn Fronda"]
[WhiteElo "1696"]
[BlackElo "2045"]
[PlyCount "73"]

1. e4 d5 2. exd5 Qxd5 3. Nc3 Qa5 4. d4 Nf6 5. Bd2 a6 6. Bd3
Nc6 7. Nge2 Qh5 8. Ne4 Nxe4 9. Bxe4 Nxd4 10. Nxd4 Qe5 11. Qf3
Qxd4 12. O-O-O Qb6 13. Ba5 Qh6+ 14. Kb1 e5 15. Bxb7 Bd6
16. Bxa8 O-O 17. Bd5 Qg6 18. Qb3 Bf5 19. Rd2 h6 20. Rhd1 e4
21. g3 Be5 22. Bc3 Bd6 23. Bc4 Bg4 24. Re1 Bc5 25. Bxa6 Qh5
26. Rd5 Qg6 27. Rxc5 Qxa6 28. Rxc7 Be6 29. Qa3 Qc4 30. Rxc4
Bxc4 31. b3 Be6 32. Rxe4 Rd8 33. Qe7 Rd1+ 34. Kb2 Bf5 35. Re2
Bg6 36. f4 Kh7 37. g4 1-0

[Event "FIDE Online Olympiad"]
[Site "Chess.com"]
[Date "2020.08.15"]
[EventDate "2020.08.14"]
[Round "5"]
[Result "1-0"]
[White "Bernadette Galas"]
[Black "Diana Musabayeva"]
[WhiteElo "2023"]
[BlackElo "1517"]
[PlyCount "51"]

1. e4 c5 2. b3 d6 3. Bb2 Nf6 4. Bb5+ Nbd7 5. d3 a6 6. Bxd7+
Bxd7 7. f4 e6 8. Nf3 Be7 9. O-O O-O 10. Qe2 b5 11. Nbd2 Bc6
12. Ng5 Qc7 13. e5 dxe5 14. fxe5 Nd5 15. Nde4 b4 16. Nf6+ Bxf6
17. exf6 g6 18. Be5 Qd7 19. Ne4 Qa7 20. Qd2 c4+ 21. d4 Nc7
22. Qh6 Ne8 23. Ng5 Nxf6 24. Bxf6 Rfc8 25. Qxh7+ Kf8 26. Qh8#
1-0

[Event "FIDE Online Olympiad"]
[Site "Chess.com"]
[Date "2020.08.15"]
[EventDate "2020.08.14"]
[Round "5"]
[Result "1-0"]
[White "Laurent Huynh"]
[Black "Michael Concio Jr"]
[WhiteElo "2161"]
[BlackElo "2010"]
[PlyCount "183"]

1. e4 e5 2. Nf3 Nc6 3. Bc4 Be7 4. O-O Nf6 5. d3 O-O 6. Re1 d6
7. c3 Na5 8. Bb5 Bd7 9. Ba4 Bxa4 10. Qxa4 Nc6 11. Qb3 Rb8
12. Nbd2 Re8 13. Nf1 Bf8 14. Ne3 Ne7 15. a4 c6 16. a5 Qc7
17. Qc2 d5 18. c4 d4 19. Nf1 Ng6 20. g3 Bb4 21. Bd2 Bxd2
22. N1xd2 b6 23. a6 Nd7 24. b4 h6 25. h4 Rf8 26. h5 Ne7 27. g4
Nf6 28. Nh2 Qd7 29. Qd1 g6 30. Ndf1 Kh8 31. Ng3 Rg8 32. Qf3
Qe6 33. Kh1 gxh5 34. gxh5 Rg5 35. Rg1 Rbg8 36. Rab1 Ng4
37. Nxg4 Rxg4 38. Rg2 Rf4 39. Qe2 Qh3+ 40. Rh2 Qg4 41. Qxg4
Rgxg4 42. Kg2 Rg8 43. b5 c5 44. f3 Rf6 45. Kf2 Rd6 46. Rg1 Rg5
47. Ne2 Rxg1 48. Nxg1 f5 49. Rg2 fxe4 50. fxe4 Re6 51. Nf3 Kh7
52. Nh2 Rf6+ 53. Ke2 Re6 54. Ng4 Kh8 55. Rf2 Kg7 56. Nh2 Ng8
57. Rg2+ Kf7 58. Ng4 Ne7 59. Ke1 Kf8 60. Rf2+ Kg7 61. Rg2 Kf8
62. Nh2 Kf7 63. Nf3 Kf8 64. Nh4 Rf6 65. Ke2 Kf7 66. Rg3 Rf4
67. Nf3 Kf6 68. Rg2 Ke6 69. Rg7 Rf6 70. Rh7 Kd6 71. Rh8 Rf4
72. Rxh6+ Kc7 73. Rh7 Kd6 74. Rh6+ Kc7 75. Nxe5 Rh4 76. Rh7
Kd6 77. Ng6 Rh2+ 78. Ke1 Ng8 79. Nf4 Nf6 80. Rxa7 Rh4 81. Nd5
Nd7 82. Rb7 Rh1+ 83. Kf2 Rh2+ 84. Kg3 Rxh5 85. Nxb6 Ne5
86. Nc8+ Ke6 87. a7 Rg5+ 88. Kh3 Rh5+ 89. Kg2 Rg5+ 90. Kf1 Ng4
91. a8=Q Ne3+ 92. Kf2 1-0

[Event "FIDE Online Olympiad"]
[Site "Chess.com"]
[Date "2020.08.15"]
[EventDate "2020.08.14"]
[Round "5"]
[Result "1-0"]
[White "Jerlyn Mae San Diego"]
[Black "Tyani De Rycke"]
[WhiteElo "1670"]
[BlackElo "1924"]
[PlyCount "77"]

1. e4 c6 2. d4 d5 3. exd5 cxd5 4. Nf3 Nc6 5. Bb5 Bg4 6. O-O
Nf6 7. c3 e6 8. Bf4 Bd6 9. Bxd6 Qxd6 10. Nbd2 O-O 11. h3 Bh5
12. Re1 a6 13. Bd3 Nd7 14. Qc2 Bg6 15. Bxg6 hxg6 16. a4 b5
17. axb5 axb5 18. b4 Nb6 19. Nb3 Na4 20. Ra2 Ra7 21. Rea1 Rfa8
22. Nc5 Nxc5 23. Rxa7 Rxa7 24. Rxa7 Nxa7 25. dxc5 Qa6 26. Nd4
e5 27. Nf3 Nc6 28. Qd2 d4 29. cxd4 exd4 30. Qb2 Qa4 31. g3
Qd1+ 32. Kg2 d3 33. Qa3 Qa4 34. Qxd3 Qxb4 35. Qd5 Na5 36. Qd8+
Kh7 37. Ng5+ Kh6 38. Nxf7+ Kh5 39. Qg5# 1-0

[Event "FIDE Online Olympiad"]
[Site "Chess.com"]
[Date "2020.08.15"]
[EventDate "2020.08.14"]
[Round "5"]
[Result "1-0"]
[White "Anton Smirnov"]
[Black "Yusup Atabayev"]
[WhiteElo "2367"]
[BlackElo "2528"]
[PlyCount "135"]

1. e4 c5 2. Nf3 g6 3. d4 cxd4 4. Nxd4 Bg7 5. Nc3 Nc6 6. Be3
Nf6 7. Bc4 O-O 8. Bb3 a5 9. O-O a4 10. Nxa4 Nxe4 11. Nb5 Ra6
12. Qe2 d6 13. Rad1 Bf5 14. c4 Qb8 15. f3 Nf6 16. Bc2 Bxc2
17. Qxc2 Nd7 18. b3 Rc8 19. Qe2 Qa8 20. Rd2 Rxa4 21. bxa4 Qxa4
22. Nd4 Nce5 23. Rc2 Rxc4 24. Nb3 Rxc2 25. Qxc2 Nc6 26. Bf2 d5
27. Nd4 Qxc2 28. Nxc2 d4 29. Rb1 b6 30. Na3 Na5 31. Rb5 e5
32. Rd5 Nc5 33. Be1 Nab7 34. Nc4 f6 35. Nxb6 Kf7 36. Na4 Ke6
37. Rxc5 Nxc5 38. Nxc5+ Kd5 39. Nb3 Kc4 40. Kf1 f5 41. Ke2 e4
42. fxe4 fxe4 43. Bd2 Bf8 44. Bf4 Kd5 45. a4 Kc4 46. Nd2+ Kd5
47. a5 Bc5 48. Nb3 Ba7 49. Bc7 d3+ 50. Kd2 Kc4 51. Bb6 Bb8
52. a6 Kxb3 53. a7 Bxa7 54. Bxa7 Kc4 55. Be3 Kd5 56. Kc3 h5
57. Kb3 Ke5 58. Kc4 Kf5 59. Kd4 g5 60. Bd2 h4 61. h3 g4
62. Be3 gxh3 63. gxh3 Kg6 64. Kxe4 Kf6 65. Kxd3 Kf5 66. Ke2
Ke4 67. Bf2 Kf4 68. Bxh4 1-0

[Event "FIDE Online Olympiad"]
[Site "Chess.com"]
[Date "2020.08.15"]
[EventDate "2020.08.14"]
[Round "5"]
[Result "1-0"]
[White "Temur Kuybokarov"]
[Black "Azat Nurmamedov"]
[WhiteElo "2134"]
[BlackElo "1834"]
[PlyCount "63"]

1. e4 c5 2. Nf3 d6 3. d4 cxd4 4. Nxd4 Nf6 5. Nc3 a6 6. Be3 e5
7. Nb3 Be7 8. Be2 Be6 9. Nd5 Nxd5 10. exd5 Bf5 11. Qd2 Nd7
12. O-O O-O 13. Na5 Qc7 14. c4 Bg6 15. b4 f5 16. f3 Rfc8
17. Rac1 b6 18. Nc6 Bf8 19. f4 Nb8 20. c5 bxc5 21. bxc5 dxc5
22. fxe5 Nxc6 23. dxc6 Qxe5 24. Bf4 Qd4+ 25. Qxd4 cxd4
26. Rfd1 Bf7 27. Bf3 Ra7 28. Rxd4 h6 29. c7 g5 30. Rd8 Be6
31. Bd6 Kg7 32. Bxf8+ 1-0

[Event "FIDE Online Olympiad"]
[Site "Chess.com"]
[Date "2020.08.15"]
[EventDate "2020.08.14"]
[Round "5"]
[Result "1-0"]
[White "Annagozel Mekanova"]
[Black "Cassandra Lim"]
[WhiteElo "1691"]
[BlackElo "1493"]
[PlyCount "81"]

1. e4 e6 2. d4 d5 3. exd5 exd5 4. Bd3 Nc6 5. c3 Bd6 6. Ne2 Nf6
7. h3 O-O 8. O-O Re8 9. Bg5 h6 10. Bh4 Be7 11. Nd2 Be6 12. Rc1
Nh5 13. Bxe7 Nxe7 14. Nf3 Nf6 15. Ng3 Rc8 16. Nh4 c5 17. dxc5
Rxc5 18. Qf3 Qb6 19. b4 Rc7 20. Ngf5 Nxf5 21. Bxf5 Bxf5
22. Nxf5 Ne4 23. Rfe1 Rc6 24. c4 Qxb4 25. cxd5 Rxc1 26. Rxc1
Ng5 27. Qc3 Qxc3 28. Rxc3 Re5 29. Rc8+ Kh7 30. Ne3 Re7 31. Rd8
Ne4 32. Nc4 Rc7 33. Ne5 Nf6 34. d6 Rc5 35. Nxf7 Rd5 36. Rb8 b6
37. Rb7 a5 38. Rxb6 Kg6 39. Rb7 Kf5 40. g4+ Ke6 41. Re7# 1-0

[Event "FIDE Online Olympiad"]
[Site "Chess.com"]
[Date "2020.08.15"]
[EventDate "2020.08.14"]
[Round "5"]
[Result "1-0"]
[White "Aleksander Petkov Delchev"]
[Black "Niaz Murshed"]
[WhiteElo "2630"]
[BlackElo "2476"]
[PlyCount "79"]

1. c4 g6 2. d4 Bg7 3. Nf3 d6 4. g3 Nc6 5. Bg2 Bg4 6. d5 Bxf3
7. exf3 Nd4 8. O-O c5 9. dxc6 bxc6 10. f4 Rb8 11. Nc3 c5
12. Ne2 Nxe2+ 13. Qxe2 h5 14. Rb1 Nh6 15. Bh3 O-O 16. b3 e6
17. Rd1 Qe7 18. f5 Nxf5 19. Bxf5 gxf5 20. Qxh5 Bd4 21. Bg5 f6
22. Be3 Bxe3 23. fxe3 Kg7 24. Rb2 Rb6 25. Rg2 Rh8 26. Qf3 Rh3
27. Qf4 Rh5 28. g4 fxg4 29. Rxg4+ Rg5 30. h4 Rxg4+ 31. Qxg4+
Kh6 32. Qf4+ Kh7 33. Kh2 f5 34. Rg1 Qf6 35. Kh3 e5 36. Qf3 Rb8
37. Qh5+ Qh6 38. Qxf5+ Kh8 39. Rg5 Rf8 40. Qg4 1-0

[Event "FIDE Online Olympiad"]
[Site "Chess.com"]
[Date "2020.08.15"]
[EventDate "2020.08.14"]
[Round "5"]
[Result "1-0"]
[White "Adriana Nikolova"]
[Black "Nazrana Khan"]
[WhiteElo "2276"]
[BlackElo "2013"]
[PlyCount "143"]

1. e4 c5 2. Nf3 e6 3. c3 d5 4. exd5 Qxd5 5. d4 Nf6 6. Bd3 Nc6
7. O-O Be7 8. Na3 O-O 9. Nb5 Qd8 10. dxc5 Bxc5 11. Bg5 Be7
12. Qe2 a6 13. Nbd4 Nxd4 14. Nxd4 Nd5 15. Bxe7 Qxe7 16. Qe4 g6
17. Rfe1 Qg5 18. g3 Bd7 19. Nf3 Qh6 20. Ne5 Bc6 21. Nxc6 bxc6
22. c4 Ne7 23. Bf1 Qh5 24. Rad1 Rad8 25. Be2 Qa5 26. a3 Qc7
27. Bf3 c5 28. g4 Nc8 29. h4 a5 30. h5 Nd6 31. Qe5 Ne8 32. Qe3
Rxd1 33. Rxd1 Qb6 34. Qc3 Qc7 35. Qe3 e5 36. Rd5 Qb6 37. Rxe5
Nf6 38. b3 Qc7 39. Qxc5 Qxc5 40. Rxc5 gxh5 41. gxh5 Rb8
42. Rg5+ Kf8 43. Rb5 Rxb5 44. cxb5 Ke7 45. Kf1 Nd7 46. Bd5 f6
47. h6 Ne5 48. Be4 Ng4 49. Bxh7 Nxh6 50. Bd3 Nf7 51. Ke2 Kd6
52. Bc4 Nd8 53. Kd3 Kc5 54. a4 Nb7 55. Ke4 Nd6+ 56. Ke3 Nc8
57. Bg8 Nd6 58. Kf4 Kb4 59. Kg4 Kc5 60. Kh5 Ne4 61. f4 Nd6
62. Kg6 Ne4 63. Kf5 Nd6+ 64. Kxf6 Ne4+ 65. Ke7 Nd6 66. Be6 Ne4
67. f5 Kb4 68. f6 Nc5 69. f7 Nxe6 70. Kxe6 Kxb3 71. f8=Q Kxa4
72. b6 1-0

[Event "FIDE Online Olympiad"]
[Site "Chess.com"]
[Date "2020.08.15"]
[EventDate "2020.08.14"]
[Round "5"]
[Result "1-0"]
[White "Martin Petrov"]
[Black "Rahman Mohammad Fahad"]
[WhiteElo "2393"]
[BlackElo "2243"]
[PlyCount "95"]

1. e4 e5 2. Nf3 Nc6 3. Bc4 Nf6 4. d3 Bc5 5. O-O a6 6. c3 d6
7. a4 Ba7 8. Re1 O-O 9. h3 h6 10. Nbd2 Re8 11. b4 Be6 12. Bxe6
Rxe6 13. Qc2 Qd7 14. Nf1 d5 15. Bd2 Rd8 16. b5 Ne7 17. c4 dxe4
18. dxe4 Qd3 19. Qxd3 Rxd3 20. Be3 Bd4 21. Bxd4 exd4 22. e5
Nd7 23. Rad1 Rxd1 24. Rxd1 c5 25. bxc6 Nxc6 26. Nxd4 Nxd4
27. Rxd4 Nxe5 28. Ne3 Rb6 29. Rd8+ Kh7 30. Rd5 f6 31. f4 Ng6
32. g3 Re6 33. Kf2 Re7 34. Ke2 Rc7 35. Kd3 Ne7 36. Rd6 Kg6
37. Nd5 Nxd5 38. cxd5 Kf7 39. Rb6 Ke8 40. Kd4 Kd8 41. d6 Rc6
42. Rxc6 bxc6 43. Kc5 Kd7 44. f5 h5 45. a5 g5 46. fxg6 f5
47. g7 h4 48. g8=Q 1-0

[Event "FIDE Online Olympiad"]
[Site "Chess.com"]
[Date "2020.08.15"]
[EventDate "2020.08.14"]
[Round "6"]
[Result "1-0"]
[White "Asyl Abdyjapar"]
[Black "Bin-Sattar Reefat"]
[WhiteElo "2390"]
[BlackElo "2437"]
[PlyCount "63"]

1. d4 e6 2. c4 b6 3. Nc3 Bb7 4. a3 g6 5. e4 Bg7 6. Nf3 Ne7
7. h4 h6 8. Bf4 d6 9. Qd2 Nd7 10. O-O-O a6 11. Kb1 Nc6 12. Be2
Qe7 13. d5 Nce5 14. Nxe5 Nxe5 15. Be3 Nd7 16. f4 O-O-O 17. Bf3
Kb8 18. h5 gxh5 19. Rxh5 Rde8 20. dxe6 Qxe6 21. Nd5 Nf6 22. f5
Qd7 23. Rh4 Nxd5 24. cxd5 h5 25. Rdh1 Qb5 26. Bd4 Be5 27. Bxe5
Rxe5 28. Rxh5 Rxh5 29. Rxh5 Qf1+ 30. Qc1 Qd3+ 31. Qc2 Qf1+
32. Ka2 1-0

[Event "FIDE Online Olympiad"]
[Site "Chess.com"]
[Date "2020.08.15"]
[EventDate "2020.08.14"]
[Round "6"]
[Result "1-0"]
[White "Ziaur Rahman"]
[Black "Semetey Tologontegin"]
[WhiteElo "2533"]
[BlackElo "2322"]
[PlyCount "97"]

1. d4 g6 2. Nf3 Bg7 3. g3 c5 4. dxc5 Na6 5. Bg2 Nxc5 6. O-O
Nf6 7. c4 d6 8. Nc3 Be6 9. Be3 O-O 10. b3 Qc8 11. Rc1 Bh3
12. Nd5 Nxd5 13. cxd5 Bxg2 14. Kxg2 a5 15. Bxc5 dxc5 16. Qc2
b6 17. Rfd1 Rd8 18. e4 e6 19. Qc4 exd5 20. Rxd5 Rxd5 21. Qxd5
Qd8 22. Qc6 Rc8 23. Rd1 Rxc6 24. Rxd8+ Bf8 25. Ne5 Rd6
26. Rxd6 Bxd6 27. Nc4 Bc7 28. a4 f6 29. f4 Kf7 30. Kf3 Ke6
31. g4 Kd7 32. h4 Kc6 33. Na3 Bd8 34. g5 fxg5 35. hxg5 Kd6
36. Nc4+ Kc6 37. Na3 Kd7 38. Kg4 Ke6 39. Nc4 Bc7 40. f5+ gxf5+
41. exf5+ Kf7 42. Kh5 Kg7 43. Ne3 Bd8 44. Nd5 Kf7 45. Kh6 Kg8
46. f6 Kf7 47. Kxh7 Ke6 48. g6 Kxd5 49. g7 1-0

[Event "FIDE Online Olympiad"]
[Site "Chess.com"]
[Date "2020.08.15"]
[EventDate "2020.08.14"]
[Round "6"]
[Result "1-0"]
[White "Nurai Sovetbekova"]
[Black "Rani Hamid"]
[WhiteElo "1511"]
[BlackElo "2006"]
[PlyCount "67"]

1. d4 Nf6 2. c4 e6 3. Nf3 b6 4. g3 Bb4+ 5. Bd2 Be7 6. Bg2 Bb7
7. O-O O-O 8. Nc3 h6 9. Qc2 d6 10. e4 d5 11. e5 Ne4 12. cxd5
exd5 13. Be3 Nd7 14. Nxe4 dxe4 15. Nd2 f5 16. exf6 Nxf6
17. Nxe4 Nxe4 18. Bxe4 Bxe4 19. Qxe4 Bf6 20. Rac1 Re8 21. Qd3
Rc8 22. Rfd1 Qd7 23. b3 a5 24. Qc4+ Kh8 25. d5 Qf5 26. Qf4 Qh5
27. Kg2 Be5 28. Qf3 Qg6 29. Bd4 Bd6 30. Qd3 Qf7 31. Bc3 Rf8
32. Qd2 Qf3+ 33. Kg1 Bc5 34. Qxh6+ 1-0

[Event "FIDE Online Olympiad"]
[Site "Chess.com"]
[Date "2020.08.15"]
[EventDate "2020.08.14"]
[Round "6"]
[Result "1-0"]
[White "Sharmin Shirin Sultana"]
[Black "Aizhan Alymbai kyzy"]
[WhiteElo "2140"]
[BlackElo "1801"]
[PlyCount "95"]

1. d4 d5 2. Nf3 Nf6 3. c4 c6 4. Nc3 e6 5. Bg5 h6 6. Bh4 dxc4
7. e4 g5 8. Bg3 b5 9. e5 Nd5 10. Be2 Bb4 11. Qc2 Qa5 12. O-O
Bxc3 13. bxc3 Qxc3 14. Qb1 Qa3 15. Rc1 Nd7 16. Qc2 a6 17. Nd2
Qe7 18. Ne4 h5 19. h3 Kf8 20. Qd2 h4 21. Bh2 Rg8 22. Bg4 Bb7
23. Nd6 Rb8 24. Re1 c3 25. Qd3 Rh8 26. Bf3 N7b6 27. Be4 Ba8
28. Rf1 Rd8 29. f4 Nc8 30. fxg5 Nxd6 31. exd6 Qxg5 32. Rae1
Rd7 33. Bg6 Kg7 34. Be4 Kf8 35. Bxd5 cxd5 36. Qxc3 Rg8 37. Rf2
Kg7 38. Be5+ Kh7 39. Qd3+ Qg6 40. Qe3 f5 41. Rc1 Rf7 42. Bf4
Rd7 43. Rc7 Rxc7 44. dxc7 Bb7 45. Re2 Qh5 46. Qxe6 Rg6
47. Qf7+ Kh8 48. Re8+ 1-0

[Event "FIDE Online Olympiad"]
[Site "Chess.com"]
[Date "2020.08.15"]
[EventDate "2020.08.14"]
[Round "6"]
[Result "1-0"]
[White "Walijah Ahmed"]
[Black "Shakhnazi Musaeva"]
[WhiteElo "1700"]
[BlackElo "1543"]
[PlyCount "91"]

1. e4 c5 2. Nf3 Nf6 3. Nc3 d5 4. exd5 Nxd5 5. Nxd5 Qxd5 6. d4
Bg4 7. Be2 cxd4 8. O-O g6 9. Nxd4 Bxe2 10. Nxe2 Qxd1 11. Rxd1
Bg7 12. c3 O-O 13. Be3 Nc6 14. Rd7 b5 15. Nd4 Nxd4 16. Bxd4
Bxd4 17. Rxd4 Rfc8 18. Re1 Rc7 19. f3 Kf8 20. Red1 Rac8
21. Rd8+ Rxd8 22. Rxd8+ Kg7 23. Rb8 a6 24. Rb6 Ra7 25. Kf2 e6
26. Ke3 Kf6 27. b3 Ke5 28. c4 bxc4 29. bxc4 a5 30. a4 g5
31. Rb5+ Kf6 32. c5 Ke7 33. Kd4 Kd7 34. Rb6 h6 35. c6+ Kd6
36. Kc4 Rc7 37. Kb5 e5 38. Kxa5 Rxc6 39. Rxc6+ Kxc6 40. Kb4 f5
41. Kc4 h5 42. a5 g4 43. a6 Kb6 44. Kd5 f4 45. Kxe5 g3 46. h4
1-0

[Event "FIDE Online Olympiad"]
[Site "Chess.com"]
[Date "2020.08.15"]
[EventDate "2020.08.14"]
[Round "6"]
[Result "1-0"]
[White "Nurgyul Salimova"]
[Black "Bahar Hallaeva"]
[WhiteElo "2085"]
[BlackElo "2096"]
[PlyCount "87"]

1. d4 Nf6 2. Nf3 e6 3. g3 b6 4. Bg2 Bb7 5. O-O Be7 6. c4 O-O
7. Re1 Qc8 8. b3 d6 9. Bb2 Nbd7 10. Nbd2 Ne4 11. Nxe4 Bxe4
12. Bh3 Bxf3 13. exf3 Bf6 14. Qd2 Qd8 15. f4 a5 16. a3 g6
17. Rad1 Bg7 18. d5 exd5 19. Bxg7 Kxg7 20. Qxd5 Nf6 21. Qd4 h5
22. Bg2 Re8 23. Rxe8 Qxe8 24. Bxa8 Qxa8 25. Re1 Qd8 26. h4 Qd7
27. Kg2 Qc6+ 28. f3 Qd7 29. Re2 Qd8 30. f5 Qd7 31. fxg6 fxg6
32. b4 axb4 33. axb4 Kf7 34. Qe3 Qe8 35. Qxe8+ Nxe8 36. g4 Ng7
37. Kg3 Kf6 38. Kf4 Ne6+ 39. Ke4 g5 40. hxg5+ Kxg5 41. gxh5
Kxh5 42. f4 Kg4 43. Rg2+ Kh3 44. f5 1-0

[Event "FIDE Online Olympiad"]
[Site "Chess.com"]
[Date "2020.08.15"]
[EventDate "2020.08.14"]
[Round "6"]
[Result "1-0"]
[White "Viktoria Radeva"]
[Black "Annagozel Mekanova"]
[WhiteElo "2052"]
[BlackElo "1691"]
[PlyCount "53"]

1. e4 c6 2. d4 d5 3. Nc3 dxe4 4. Nxe4 Bf5 5. Ng3 Bg6 6. Nf3 e6
7. Bd3 Bxd3 8. Qxd3 Nd7 9. Bf4 Qa5+ 10. c3 Ngf6 11. O-O Be7
12. Rfe1 Nd5 13. Bd2 Qc7 14. c4 N5f6 15. Ne4 Nxe4 16. Qxe4 Nf6
17. Qc2 O-O 18. Rad1 h6 19. Bc3 Rad8 20. Ne5 Bd6 21. Rd3 c5
22. dxc5 Qxc5 23. b4 Qc8 24. Rg3 Rfe8 25. Qe2 Bf8 26. Qf3 Re7
27. Qxf6 1-0

[Event "FIDE Online Olympiad"]
[Site "Chess.com"]
[Date "2020.08.15"]
[EventDate "2020.08.14"]
[Round "6"]
[Result "1-0"]
[White "Max Illingworth"]
[Black "Darwin Laylo"]
[WhiteElo "2498"]
[BlackElo "2338"]
[PlyCount "87"]

1. e4 d5 2. exd5 Nf6 3. d4 Bg4 4. f3 Bf5 5. g4 Bg6 6. c4 e6
7. Nc3 c6 8. h4 h6 9. dxe6 fxe6 10. Bd3 Bf7 11. Nge2 Bd6
12. Be3 Nbd7 13. Qc2 Qe7 14. O-O-O O-O-O 15. g5 Nh5 16. c5 Bc7
17. f4 Kb8 18. b4 g6 19. b5 cxb5 20. Nxb5 Rc8 21. Be4 a6
22. Nxc7 Rxc7 23. Bf2 Ng7 24. Kb1 Nf5 25. Ka1 Nb6 26. Nc3 Nc4
27. Rhe1 Qd7 28. Na4 Na5 29. Nb6 Qd8 30. Qc3 Nc6 31. Nc4 h5
32. Rd2 Nce7 33. Ne5 Nd5 34. Qf3 Be8 35. Rb1 Rg8 36. Rdb2 Rgg7
37. Qa3 Bb5 38. Qa5 Nfe3 39. a4 Nc4 40. Nxc4 Bxc4 41. Rxb7+
Ka8 42. R7b4 Be2 43. R4b2 Bc4 44. Rc2 1-0

[Event "FIDE Online Olympiad"]
[Site "Chess.com"]
[Date "2020.08.15"]
[EventDate "2020.08.14"]
[Round "6"]
[Result "1-0"]
[White "Julia Ryjanova"]
[Black "Bernadette Galas"]
[WhiteElo "2259"]
[BlackElo "2023"]
[PlyCount "217"]

1. d4 d5 2. c4 dxc4 3. Nf3 Nf6 4. e3 e6 5. Bxc4 c5 6. Qe2 a6
7. dxc5 Bxc5 8. O-O O-O 9. e4 b5 10. Bd3 g6 11. a4 b4 12. Bg5
Be7 13. Nbd2 Nbd7 14. Nb3 Nh5 15. Bh6 Re8 16. Rfd1 Qc7
17. Rac1 Qb8 18. Qe3 Ne5 19. Nxe5 Qxe5 20. Qd4 Qxd4 21. Nxd4
Bf6 22. Be2 Bb7 23. f3 Rac8 24. Be3 Red8 25. Rxc8 Rxc8 26. Kf2
Rd8 27. g3 Ng7 28. Rd2 Ne8 29. b3 e5 30. Nc2 Rxd2 31. Bxd2 a5
32. Ne3 Bd8 33. Nc4 Bc7 34. Be3 Ba6 35. Bc5 f6 36. Ne3 Bxe2
37. Kxe2 Ng7 38. Nd5 Bd8 39. Be7 Bxe7 40. Nxe7+ Kf7 41. Nc6
Ne6 42. Nxa5 Nd4+ 43. Ke3 Ke6 44. f4 Kd7 45. fxe5 fxe5 46. Nc4
Nxb3 47. Nxe5+ Ke6 48. Nd3 Kd6 49. Nxb4 Kc5 50. Nd5 Kd6
51. Nf6 h6 52. Nd5 Ke5 53. Nf4 g5 54. Nd3+ Ke6 55. Nf2 h5
56. Nh3 Kf6 57. Nf2 Ke6 58. Kd3 Nc5+ 59. Kd4 Nxa4 60. Nh3 Kf6
61. Nf2 Ke6 62. Nd3 Nb6 63. Nc5+ Kf6 64. h3 Nc8 65. Kd5 Ne7+
66. Kd6 Nc8+ 67. Kd5 Ne7+ 68. Kd4 Nc6+ 69. Ke3 Ke5 70. Nd3+
Kf6 71. Ne1 Ke5 72. Nf3+ Kf6 73. h4 g4 74. Ne1 Ne5 75. Ng2
Nc4+ 76. Kd4 Nd2 77. Nf4 Nf1 78. Nxh5+ Kf7 79. e5 Ke7 80. Ke4
Ke6 81. Nf4+ Kf7 82. Ne2 Ke6 83. Kf4 Nd2 84. Nd4+ Kd5 85. e6
Ne4 86. e7 Nf6 87. Kf5 Ne8 88. Ne6 Kd6 89. Nf4 Kxe7 90. Kxg4
Kf6 91. Nd5+ Kg7 92. Kg5 Nd6 93. g4 Ne4+ 94. Kf4 Nc5 95. Ne3
Kf6 96. g5+ Kg6 97. Kg4 Ne4 98. h5+ Kf7 99. Kf4 Nd6 100. Ng4
Kg7 101. Ne5 Nb5 102. Nf3 Na7 103. h6+ Kh7 104. Kf5 Nb5
105. Kf6 Nc7 106. Kf7 Nb5 107. g6+ Kxh6 108. g7 Nd6+ 109. Kf8
1-0

[Event "FIDE Online Olympiad"]
[Site "Chess.com"]
[Date "2020.08.15"]
[EventDate "2020.08.14"]
[Round "6"]
[Result "1-0"]
[White "Irine Kharisma Sukandar"]
[Black "Annelies Cuvelier"]
[WhiteElo "2381"]
[BlackElo "1696"]
[PlyCount "43"]

1. e4 e5 2. Nf3 Nc6 3. Bb5 a6 4. Ba4 Nf6 5. d4 exd4 6. O-O Be7
7. Re1 b5 8. e5 Nd5 9. Bb3 Nb6 10. c3 dxc3 11. Nxc3 O-O
12. Bf4 Bb7 13. Rc1 Na5 14. Bc2 d5 15. exd6 Bxd6 16. Bxh7+ Kh8
17. Bxd6 Bxf3 18. Qxf3 Qxd6 19. Bb1 g6 20. Ne4 Qd5 21. Qc3+ f6
22. Nxf6 1-0

[Event "FIDE Online Olympiad"]
[Site "Chess.com"]
[Date "2020.08.15"]
[EventDate "2020.08.14"]
[Round "4"]
[Result "1-0"]
[White "Lara Janzelj"]
[Black "Kertu Karba"]
[WhiteElo "2183"]
[BlackElo "1086"]
[Source "Chess-Results"]
[PlyCount "79"]

1. d4 d5 2. c4 e6 3. Nc3 Nf6 4. cxd5 exd5 5. Bg5 Be7 6. e3 c6
7. Bd3 h6 8. Bf4 O-O 9. Nge2 Bg4 10. O-O Re8 11. f3 Be6
12. Bg3 Na6 13. Rc1 Nb4 14. Bb1 a5 15. Nf4 Bf8 16. a3 Na6
17. Qd3 g6 18. e4 dxe4 19. fxe4 Bg7 20. Nxe6 Rxe6 21. Ba2 Re7
22. e5 Nd5 23. Bh4 g5 24. Bg3 Nac7 25. Bb1 Kf8 26. Ne4 Nb5
27. a4 Nb4 28. Qf3 Nxd4 29. Qf2 Ne6 30. Nd6 Nf4 31. Bxf4 gxf4
32. Nf5 Rxe5 33. Nxg7 Kxg7 34. Qxf4 Qb6+ 35. Kh1 Re7 36. Qf6+
Kg8 37. Qxe7 Rf8 38. Rc3 Nd5 39. Rg3+ Kh8 40. Qxf8# 1-0

[Event "FIDE Online Olympiad"]
[Site "Chess.com"]
[Date "2020.08.15"]
[EventDate "2020.08.14"]
[Round "4"]
[Result "1-0"]
[White "Carlos S Matamoros Franco"]
[Black "Alan Tate"]
[WhiteElo "2499"]
[BlackElo "2268"]
[Source "Chess-Results"]
[PlyCount "63"]

1. Nf3 d5 2. g3 Bg4 3. Bg2 c6 4. c4 e6 5. b3 Nf6 6. Bb2 Nbd7
7. O-O Be7 8. d3 O-O 9. Na3 Qa5 10. Nc2 dxc4 11. bxc4 Qh5
12. Rb1 Rad8 13. Bxf6 Bxf6 14. Rxb7 Ne5 15. Rxa7 Bxf3 16. Bxf3
Nxf3+ 17. exf3 Qc5 18. Rb7 Qa5 19. Rb3 Qxa2 20. Qb1 Qa5
21. Rd1 Qc5 22. Kg2 h5 23. h4 g6 24. Rb7 Qa5 25. Qb3 Qe5
26. d4 Qf5 27. Ne3 Qa5 28. d5 cxd5 29. cxd5 exd5 30. Nxd5 Bg7
31. Ne7+ Kh7 32. Nc6 1-0